[Event "Potiguar-ch"]
[Site "Natal"]
[Date "2009.09.27"]
[Round "11.6"]
[White "Bahia, Arthur Cavalcanti"]
[Black "Rocha, Vitor Firmo de Souz"]
[Result "0-1"]
[WhiteElo "1781"]
[BlackElo "1746"]
[PlyCount "94"]
[EventDate "2009.09.18"]
[EventType "tourn"]
[EventRounds "11"]
[EventCountry "BRA"]
[SourceTitle "EXT 2022"]
[Source "ChessBase"]
[SourceDate "2021.10.06"]
[SourceVersion "1"]
[SourceVersionDate "2021.10.06"]
[SourceQuality "1"]

1. d4 f5 2. Nf3 Nf6 3. Bf4 g6 4. e3 Bg7 5. Be2 0-0 6. 0-0 d6 7. c3 h6 8. Nbd2 c6 9. Qb3+ Kh8 10. Nh4 Kh7 11. Bg3 Nbd7 12. f4 d5 13. Qc2 e6 14. Qd3 Ne4 15. Nhf3 b6 16. Ne5 Nxe5 17. fxe5 Nxg3 18. hxg3 Qg5 19. Rf3 a5 20. Qc2 Ba6 21. Bxa6 Rxa6 22. Kf2 a4 23. Rf4 h5 24. Nf3 Qe7 25. Rh4 Rh8 26. Rah1 Kg8 27. c4 b5 28. cxb5 Ra8 29. bxc6 Bh6 30. Rc1 Qc7 31. Rhh1 Kf7 32. Rhd1 Rhc8 33. Rd3 Ra6 34. Rc3 Rb8 35. b3 axb3 36. axb3 Rbb6 37. Ne1 Bf8 38. Nd3 Ba3 39. Nc5 Bxc1 40. Nxa6 Bxe3+ 41. Kxe3 Rxa6 42. Rc5 Rb6 43. Qc3 Ra6 44. b4 Qd8 45. c7 Qg5+ 46. Ke2 Ra2+ 47. Kf1 Qg4 0-1

[Event "Potiguar-ch"]
[Site "Natal"]
[Date "2009.09.26"]
[Round "9.6"]
[White "Macedo, Maximo Valerio"]
[Black "Bahia, Arthur Cavalcanti"]
[Result "1-0"]
[WhiteElo "2125"]
[BlackElo "1781"]
[PlyCount "49"]
[EventDate "2009.09.18"]
[EventType "tourn"]
[EventRounds "11"]
[EventCountry "BRA"]
[SourceTitle "EXT 2022"]
[Source "ChessBase"]
[SourceDate "2021.10.06"]
[SourceVersion "1"]
[SourceVersionDate "2021.10.06"]
[SourceQuality "1"]

1. e4 c5 2. Nf3 d6 3. d4 cxd4 4. Nxd4 Nf6 5. Nc3 a6 6. f3 e6 7. Be3 Be7 8. Qd2 b5 9. 0-0-0 0-0 10. g4 Qa5 11. Kb1 Bb7 12. g5 Nfd7 13. Nd5 Qd8 14. Nxe7+ Qxe7 15. h4 Ne5 16. h5 f6 17. gxf6 Qxf6 18. Bh3 Bc8 19. b3 Nf7 20. Qg2 e5 21. Bxc8 Rxc8 22. Nf5 Kh8 23. Rh3 Rg8 24. Rg1 Ra7 25. Bxa7 1-0

[Event "Potiguar-ch"]
[Site "Natal"]
[Date "2009.09.25"]
[Round "7.5"]
[White "Pinto, Carlos Henrique Lop"]
[Black "Bahia, Arthur Cavalcanti"]
[Result "1-0"]
[WhiteElo "2082"]
[BlackElo "1781"]
[PlyCount "88"]
[EventDate "2009.09.18"]
[EventType "tourn"]
[EventRounds "11"]
[EventCountry "BRA"]
[SourceTitle "EXT 2022"]
[Source "ChessBase"]
[SourceDate "2021.10.06"]
[SourceVersion "1"]
[SourceVersionDate "2021.10.06"]
[SourceQuality "1"]

1. d4 Nf6 2. c4 g6 3. Nc3 d5 4. Bg5 dxc4 5. e4 Nc6 6. d5 Ne5 7. Bf4 Nfd7 8. Nf3 Bg7 9. Be2 Nxf3+ 10. gxf3 Ne5 11. Qd2 0-0 12. Bh6 e6 13. Bxg7 Kxg7 14. f4 Nd3+ 15. Bxd3 cxd3 16. Qxd3 exd5 17. Nxd5 c6 18. Qc3+ f6 19. Ne3 Qd6 20. f5 Re8 21. fxg6 hxg6 22. f3 Qe5 23. Qxe5 Rxe5 24. Kf2 Be6 25. b3 Rd8 26. Rad1 Rd7 27. Rxd7+ Bxd7 28. Rd1 Re7 29. Rd6 Kf7 30. f4 Be8 31. Kf3 Rd7 32. Rxd7+ Bxd7 33. h4 f5 34. e5 c5 35. Nc4 Bc6+ 36. Ke3 Ke6 37. Kd3 a6 38. Nb6 Be4+ 39. Kc4 Bb1 40. a4 Ba2 41. a5 Ke7 42. Na4 Kd7 43. Nc3 Bxb3+ 44. Kxb3 Kc6 1-0

[Event "Potiguar-ch"]
[Site "Natal"]
[Date "2009.09.19"]
[Round "3.3"]
[White "Macedo, Maximo Iack Miranda"]
[Black "Bahia, Arthur Cavalcanti"]
[Result "1-0"]
[WhiteElo "2310"]
[BlackElo "1781"]
[PlyCount "45"]
[EventDate "2009.09.18"]
[EventType "tourn"]
[EventRounds "11"]
[EventCountry "BRA"]
[SourceTitle "EXT 2022"]
[Source "ChessBase"]
[SourceDate "2021.10.06"]
[SourceVersion "1"]
[SourceVersionDate "2021.10.06"]
[SourceQuality "1"]

1. d4 Nf6 2. Nc3 g6 3. e4 Bg7 4. e5 Ng8 5. f4 e6 6. Nf3 Ne7 7. Be3 0-0 8. Qd2 d6 9. 0-0-0 Nf5 10. Bf2 dxe5 11. dxe5 Qxd2+ 12. Rxd2 Nc6 13. Bb5 Nce7 14. g4 Nh6 15. Bc5 c6 16. Bxe7 Re8 17. Ba3 cxb5 18. Nxb5 b6 19. Nc7 Bb7 20. Nxe8 Rxe8 21. Rhd1 f6 22. Rd8 Rxd8 23. Rxd8+ 1-0

[Event "Potiguar-ch sf"]
[Site "Natal"]
[Date "2009.08.28"]
[Round "3.10"]
[White "Bahia, Arthur Cavalcanti"]
[Black "Pereira De Lima, Wallailton"]
[Result "1/2-1/2"]
[WhiteElo "1781"]
[BlackElo "1895"]
[PlyCount "150"]
[EventDate "2009.08.26"]
[EventType "swiss"]
[EventRounds "7"]
[EventCountry "BRA"]
[SourceTitle "EXT 2022"]
[Source "ChessBase"]
[SourceDate "2021.10.06"]
[SourceVersion "1"]
[SourceVersionDate "2021.10.06"]
[SourceQuality "1"]

1. d4 Nf6 2. Nf3 g6 3. Bf4 Bg7 4. e3 0-0 5. Be2 d6 6. 0-0 Nh5 7. Bg5 h6 8. Bh4 g5 9. Bg3 Nxg3 10. hxg3 Bf5 11. Nbd2 Nd7 12. Kh2 c5 13. c3 d5 14. Rh1 c4 15. Kg1 b5 16. Nh2 Nf6 17. Ng4 Nxg4 18. Bxg4 Qd7 19. Bxf5 Qxf5 20. Nf3 a5 21. Nh2 Rfb8 22. Ng4 Rb6 23. Qf3 Qxf3 24. gxf3 b4 25. Kg2 bxc3 26. bxc3 Rab8 27. f4 a4 28. fxg5 hxg5 29. Rh5 f6 30. Nh6+ Kf8 31. Nf5 Rb2 32. Rh7 Rb1 33. Rxb1 Rxb1 34. Rxg7 e6 35. Rg6 Kf7 36. Rg7+ Kf8 37. Rd7 exf5 38. Rxd5 Rc1 39. Rxf5 Ke7 40. Ra5 Rxc3 41. Rxa4 Rc2 42. a3 c3 43. Rc4 Rc1 44. a4 Ra1 45. Rxc3 Rxa4 46. Kf3 Ra2 47. g4 Rd2 48. Rc5 Kd6 49. Rf5 Ke6 50. Ke4 Rd1 51. d5+ Ke7 52. Kf3 Rd2 53. e4 Rd4 54. e5 fxe5 55. Rxe5+ Kf6 56. Rf5+ Kg6 57. Kg3 Rd3+ 58. Kg2 Rd4 59. f3 Rd1 60. Kf2 Rd4 61. Ke3 Rd1 62. Ke4 Re1+ 63. Kd4 Rc1 64. Ke5 Rb1 65. Kd6 Rb5 66. Kc6 Ra5 67. d6 Ra6+ 68. Kc7 Ra7+ 69. Kb8 Rd7 70. Rd5 Kf6 71. Kc8 Ke6 72. Rd2 Rxd6 73. Re2+ Kf6 74. Kc7 Rd3 75. Re8 Kf7 1/2-1/2

[Event "Potiguar-ch sf"]
[Site "Natal"]
[Date "2009.08.26"]
[Round "1.7"]
[White "Silva, Alexsandro Lira"]
[Black "Bahia, Arthur Cavalcanti"]
[Result "1/2-1/2"]
[WhiteElo "2013"]
[BlackElo "1781"]
[PlyCount "122"]
[EventDate "2009.08.26"]
[EventType "swiss"]
[EventRounds "7"]
[EventCountry "BRA"]
[SourceTitle "EXT 2022"]
[Source "ChessBase"]
[SourceDate "2021.10.06"]
[SourceVersion "1"]
[SourceVersionDate "2021.10.06"]
[SourceQuality "1"]

1. e4 c5 2. Nf3 d6 3. d4 cxd4 4. Nxd4 Nf6 5. Nc3 a6 6. Bg5 e6 7. Qd2 Be7 8. f3 b5 9. g4 Bb7 10. 0-0-0 Nbd7 11. h4 0-0 12. Rg1 Qa5 13. Kb1 Rfc8 14. Nd5 Qd8 15. Nxe7+ Qxe7 16. Nb3 Ne5 17. Be2 d5 18. exd5 Bxd5 19. Qe3 Nc4 20. Qf4 a5 21. Bxf6 Qxf6 22. Qxf6 gxf6 23. Nd4 b4 24. g5 f5 25. Nxf5 Kf8 26. Bxc4 Bxc4 27. Nd6 Rc6 28. Nxc4 Rxc4 29. h5 Rh4 30. Rh1 Rxh1 31. Rxh1 Rd8 32. Kc1 Rd5 33. f4 Rf5 34. Rh4 Ke7 35. Kd2 e5 36. Ke3 exf4+ 37. Kf3 Rxg5 38. Rh2 Rf5 39. Kg4 Rf6 40. Re2+ Re6 41. Rxe6+ Kxe6 42. Kxf4 Kf6 43. c4 bxc3 44. bxc3 h6 45. Ke4 Ke6 46. c4 Kd6 47. Kf5 Kc5 48. Kf6 Kxc4 49. Kxf7 a4 50. Kg7 a3 51. Kxh6 Kc3 52. Kg6 Kb2 53. h6 Kxa2 54. h7 Kb1 55. h8Q a2 56. Qh1+ Kb2 57. Qg2+ Kb1 58. Qe4+ Kb2 59. Qb4+ Ka1 60. Qc3+ Kb1 61. Qb3+ Ka1 1/2-1/2